000 00647nab a2200217 a 4500
005 20210219161509.0
008 991125s1985 mx 000 0 spa u
035 _aUPN01000186455
222 _aREVISTA DE LA EDUCACION SUPERIOR
245 _a¿ Desertores o decepcionados ? : distintas causas para abandonar los estudios universitarios
260 _aMéxico
300 _a29-50
362 0 _a2011 Vol. 40 (4), no. 160, oct.-dic.
653 0 _aDESERCION ESCOLAR
653 0 _aEDUCACION SUPERIOR
653 0 _aEFICIENCIA TERMINAL
653 0 _aMERCADO LABORAL
700 1 _aDe Vries, Wietse,
700 1 _ecoaut.
905 _aArticulo
999 _c158558
_d158558